مخمو ر سعيد ی کے شعر ی آ فا ق (Record no. 164143)

MARC details
000 -LEADER
fixed length control field 00712nam a22001937a 4500
005 - DATE AND TIME OF LATEST TRANSACTION
control field 20190513110032.0
010 ## - LCCN (DPL NO)
LC control number UR-10098
020 ## - INTERNATIONAL STANDARD BOOK NUMBER
Terms of availability 300.00
International Standard Book Number 9789387829718
035 ## - SYSTEM CONTROL NUMBER
System control number U-8653
037 ## - SOURCE OF ACQUISITION
Source of stock number/acquisition DBAD/PUB
082 ## - DEWEY DECIMAL CLASSIFICATION NUMBER
Classification number 841.08
100 ## - MAIN ENTRY--PERSONAL NAME
Personal name ڈ ا کٹر قسيم ا ختر
245 ## - TITLE STATEMENT
Title مخمو ر سعيد ی کے شعر ی آ فا ق
Statement of responsibility, etc ڈ ا کٹر قسيم ا ختر
246 ## - VARYING FORM OF TITLE
Remainder of title ‏Makhmoor Saeedi ke Sheri Afaque (Urdu)
Title proper/short title by Dr.Quaseem Akhtar
260 ## - PUBLICATION, DISTRIBUTION, ETC. (IMPRINT)
Place of publication, distribution, etc Delhi
Name of publisher, distributor, etc Educational Publishing House
Date of publication, distribution, etc 2018 ء
270 ## - ADDRESS
Address 3191،Vakil Street,Kucha Pandit,Lal Kuan,
City Delhi
Postal code 110006
Telephone number 23216162
Fax number 00911123211540
300 ## - PHYSICAL DESCRIPTION
Extent 276ص
Dimensions 22 Cm.(bk)
942 ## - ADDED ENTRY ELEMENTS (KOHA)
Source of classification or shelving scheme Dewey Decimal Classification
Item type Urdu Bks
Classification part 921
Call number suffix ق س ی
Holdings
Withdrawn status Lost status Not for loan Collection code Home library Current library Date acquired Source of acquisition Cost, normal purchase price Full call number Barcode Copy number Cost, replacement price Koha item type
    Not For Loan Non-fiction D.B.Act.Division D.B.Act.Division 13/05/2019 DBAD/PUB 300.00 921 ق س ی U-8653 1 300.00 Urdu Bks

© Delhi Public Library
Hit Counter
free hit counter